000 00366nam a2200121Ia 4500
008 220204s9999 xx 000 0 und d
082 _a632.51:001.814(540)
_bKHU
100 _aKHUSPE, V S
245 0 _aCompendium of Indian weed science research(1950-81) V 1. Weed control in crops
260 _aNew Delhi
_bMetropolitan
_c1982
650 _aWeed science
942 _cBK
999 _c36885
_d36885